24x24 (Record no. 110012)

MARC details
000 -LEADER
campo de control de longitud fija 00563nam a2200193 i 4500
001 - NÚMERO DE CONTROL
campo de control 110012
003 - IDENTIFICADOR DE NÚMERO DE CONTROL
campo de control ES-MaACL
005 - FECHA Y HORA DE LA ÚLTIMA TRANSACCIÓN
campo de control 20240608062959.0
007 - CAMPO FIJO DE DESCRIPCIÓN FÍSICA--INFORMACIÓN GENERAL
campo de control de longitud fija t|
008 - DATOS DE LONGITUD FIJA--INFORMACIÓN GENERAL
campo de control de longitud fija 061121s1972 sp fo |||| | spa d
080 ## - NÚMERO DE LA CLASIFICACIÓN DECIMAL UNIVERSAL
Número de la Clasificación Decimal Universal 821.134.2-83"19"
100 1# - ENTRADA PRINCIPAL--NOMBRE DE PERSONA
Nombre de persona Moix, Ana María,
Fechas asociadas al nombre 1947-
9 (RLIN) 81820
245 10 - MENCIÓN DEL TÍTULO
Título 24x24
Resto del título : (entrevistas) /
Mención de responsabilidad, etc. Ana María Moix ; fotos de Colita.
260 ## - PUBLICACIÓN, DISTRIBUCIÓN, ETC.
Lugar de publicación, distribución, etc. Barcelona :
Nombre del editor, distribuidor, etc. Península,
Fecha de publicación, distribución, etc. 1972.
300 ## - DESCRIPCIÓN FÍSICA
Extensión 233 p., 24 lám. ;
Dimensiones 19 cm.
700 0# - ENTRADA AGREGADA--NOMBRE PERSONAL
Nombre de persona Colita (
Fechas asociadas al nombre 1940-)
9 (RLIN) 156905
852 ## - LOCALIZACIÓN
Ubicación ES-MaACL
Número de control de estantería C-49776
Holdings
Estatus retirado Estado de pérdida Estado de daño No para préstamo Biblioteca de origen Biblioteca actual Ubicación en estantería Fecha de adquisición Fuente de adquisición Total de préstamos Signatura topográfica completa Código de barras Visto por última vez Precio de reemplazo Tipo de ítem Koha
        Biblioteca del Ateneo de Madrid Biblioteca del Ateneo de Madrid Depósito 2 17/01/2008     C-49776 1114781 23/02/2023 23/02/2023 Libro impreso